| 000 | 01991ngm a22004210a 4500 | ||
|---|---|---|---|
| 001 | PT41391 | ||
| 003 | AR-LpoUNG | ||
| 005 | 20210201235906.0 | ||
| 007 | vd cvaizq | ||
| 008 | 191001s1982||||ag |||||||||||||||||eng d | ||
| 037 | _c$12.50 | ||
| 040 |
_aAR-LpoUNG _bspa _cAR-LpoUNG _eaacr |
||
| 041 |
_aeng _aspa |
||
| 044 | _aag | ||
| 082 | 0 | _a931.12 613gue | |
| 100 | 1 |
_aAnnaud, Jean-Jacques _edir. |
|
| 245 | 1 | 3 | _aLa guerra del fuego = La guerre du feu |
| 260 |
_aBuenos Aires : _bBlackman, _c1982. |
||
| 300 | _aDVD : son., col. | ||
| 505 | 0 | _aHecha en 1981. - Guión : Gérard Brach ; Música: Philiphe Sarde. | |
| 520 | _a<p>La acción transcurre hace unos 80.000 años, cuando una tribu prehistórica sufre el ataque de otro grupo. Como consecuencia, debe abandonar la cueva en la que habita y pierde el control del fuego. Dado que el grupo no conoce el modo de producir fuego, se ve obligado a conseguirlo en otro sitio. Entonces, el anciano de la tribu asigna a tres de sus integrantes la misión de obtener un nuevo fuego. Pero esta búsqueda estará signada por la lucha contra un grupo de antropófagos y por el conocimiento que atesora una mujer. Ella con- ducirá a los exploradores hasta su propia tribu, donde les revelará la técnica practicada por su grupo para la elaboración del fuego. Final- mente, los buscadores volverán a su tribu de origen para aportar no sólo el nuevo fuego sino también la técnica para su producción.</p> | ||
| 650 | 4 | _aASPECTOS ECONOMICOS | |
| 650 | 4 | _aCREENCIA | |
| 650 | 4 | _aDRAMA | |
| 650 | 4 | _aHOMBRES | |
| 650 | 4 | _aMEDIO AMBIENTE | |
| 650 | 4 | _aRELACIONES HUMANAS | |
| 650 | 4 | _aSOCIEDAD | |
| 651 | 4 | _aDOCUMENTOS TEORICOS O METODOLOGICOS | |
| 653 | _aDOCUMENTALES | ||
| 653 | _aDVD | ||
| 653 | _aEVOLUCION | ||
| 653 | _aHOMINIZACION | ||
| 653 | _aVIDEOS | ||
| 710 | 2 | _aICC | |
| 905 | _a41391 | ||
| 942 | _cDVD | ||
| 999 |
_c53726 _d53726 |
||